000 00618nam a2200181Ia 4500
008 090124s9999 xx 000 0 und d
082 _b123958
100 _aकुलकर्णी जी.ए.(गुरुनाथ आबाजी )
245 _a काजळमाया
250 _a1
260 _c1990
300 _a277
600 _aकुलकर्णी जी.ए.(गुरुनाथ आबाजी )
630 _a काजळमाया
700 _aकुलकर्णी जी.ए.(गुरुनाथ आबाजी )
730 _a काजळमाया
942 _cBOOK
999 _c170045
_d170045